Ise NOT ize Quiz Stats

 Plays Quiz not verified by Sporcle

Also try: Double 'O' Words
Challenge
Share
Tweet
Embed
Score 0/27 Timer 06:00
0 Plays Today
Definition Word % Correct
Physical or mental activity carried out to improve health or figure.exercise
70.9%
To cut around, (the foreskin, e.g.).circumcise
69.1%
To loathe.despise
63.6%
To publicize or promote (a product, e.g.). Occasionally spelt with -ize in defiance of etymology.advertise
60%
To get, or come, up.arise
58.2%
To compose or invent (a story or song) without having prepared.improvise
58.2%
A get-up designed to conceal one's true identity from those who might recognize one.disguise
56.4%
Particular skill or knoweldge of a subject.expertise
56.4%
A duty or tax levied on certain products, such as alcohol or tobacco.excise
54.5%
To amend. To study for an exam.revise
49.1%
Herbacious plant used to flavour absinthe and candy.anise
47.3%
To come up with (a plan, e.g.).devise
47.3%
To manage or oversee (employees or children e.g.).supervise
45.5%
To provide someone with information or an opinion.advise
41.8%
Definition Word % Correct
To repeat an action in order to improve on it.practise
40%
To catch someone off-guard with a comment or action.surprise
40%
To discipline or scold, particularly a child.chastise
38.2%
Brief, as of a definition or response.concise
34.5%
A lengthy written discourse on a subject.treatise
34.5%
A small item of hand luggage.valise
34.5%
Rotating as a screw enters a hole from the perspective of the screwdriver.clockwise
29.1%
Unambiguously defined, as of a measurement or instruction.precise
27.3%
An undertaking of a difficult nature. (A) business.enterprise
25.5%
To join two pieces (of wood) with a tenon and a slot in which it is secured.mortise
20%
The communicate with another party, or to negotiate on behalf of two or more different parties.liaise
12.7%
Stupidity or foolishness. Such a remark or act.bĂȘtise
7.3%
To cut off or remove (a leaf from a stem, e.g.)abscise
5.5%

You're not logged in!

Compare scores with friends on all Sporcle quizzes.
OR
Log In

You Might Also Like...

Show Comments

Extras

Created Jun 11, 2010ReportNominate
Tags:Definition Quiz

Top Quizzes Today


Score Distribution

Your Account Isn't Verified!

In order to create a playlist on Sporcle, you need to verify the email address you used during registration. Go to your Sporcle Settings to finish the process.

Report this User

Report this user for behavior that violates our Community Guidelines.

Details: